000 00553nam a22001577a 4500
005 20171205125714.0
008 171205b xxu||||| |||| 00| 0 eng d
020 _a0860373541
040 _cPK-LaUMT
082 _aPKAC 305.6970947
_bSID-B
100 _aSiddique Seddon, Muhammad
245 _aBritish Muslim between assimilation and segregation:
_bhistorical , legal and social realities/
_cMuhammad Siddique Seddon , Dilwar Hussain and Nadeem malik
260 _aLeicestershire, UK:
_bThe Islamic foundation,
_c2004
300 _a246 p.
942 _cBK
999 _c100512
_d100512